KOHA-Header-6

The Life and Times of the Nawabs of Lucknow (Record no. 13771)

000 -LEADER
fixed length control field 00286nam a22001217a 4500
020 ## - INTERNATIONAL STANDARD BOOK NUMBER
ISBN 9788129109897
082 ## - DEWEY DECIMAL CLASSIFICATION NUMBER
Classification number 954.2
100 ## - MAIN ENTRY--AUTHOR NAME
Personal name Ravi Bhatt
245 ## - TITLE STATEMENT
Title The Life and Times of the Nawabs of Lucknow
260 ## - PUBLICATION, DISTRIBUTION, ETC. (IMPRINT)
Place of publication India
Name of publisher Rupa Publications
Year of publication 2000
300 ## - PHYSICAL DESCRIPTION
Number of Pages 246 pages
942 ## - ADDED ENTRY ELEMENTS (KOHA)
Koha item type Books
Holdings
Withdrawn status Lost status Collection code Permanent Location Current Location Shelving location Date acquired Full call number Accession Number Koha item type
    English Literature MAJU MAJU Shelf No.A13 2023-05-29 954.2 10872 Books

Powered by Koha